Teach english trainer's handbook : (Record no. 344118)
[ view plain ]
| 000 -LEADER | |
|---|---|
| fixed length control field | 01485 a2200229 4500 |
| 020 ## - INTERNATIONAL STANDARD BOOK NUMBER | |
| International Standard Book Number | 0521348641 |
| 020 ## - INTERNATIONAL STANDARD BOOK NUMBER | |
| International Standard Book Number | 9780521348645 |
| 082 04 - DEWEY DECIMAL CLASSIFICATION NUMBER | |
| Classification number | 428.0071 |
| 090 ## - LOCALLY ASSIGNED LC-TYPE CALL NUMBER (OCLC); LOCAL CALL NUMBER (RLIN) | |
| -- | 1600 |
| -- | 1600 |
| 100 1# - MAIN ENTRY--PERSONAL NAME | |
| Personal name | Doff, Adrian. |
| 245 10 - TITLE STATEMENT | |
| Title | Teach english trainer's handbook : |
| Remainder of title | a training course for teachers / |
| Statement of responsibility, etc. | Adrian Doff. |
| 250 ## - EDITION STATEMENT | |
| Edition statement | Teacher's Edition ed. |
| 260 ## - PUBLICATION, DISTRIBUTION, ETC. | |
| Place of publication, distribution, etc. | [S.l.] : |
| Name of publisher, distributor, etc. | Cambridge University Press, |
| Date of publication, distribution, etc. | 1988. |
| 300 ## - PHYSICAL DESCRIPTION | |
| Extent | 294 p. ; |
| Dimensions | 23 cm. |
| 490 1# - SERIES STATEMENT | |
| Series statement | Cambridge teacher training and development. |
| 500 ## - GENERAL NOTE | |
| General note | Paperback. |
| 520 ## - SUMMARY, ETC. | |
| Summary, etc. | Teach English is a teacher training course that develops practical skills in the teaching of English as a second language. It can be used in a variety of situations: in-service courses for teachers working at the secondary school level or in language institutes, in pre-service training of secondary school teachers, and as part of a refresher course in practical methodology for more experienced teachers. It is especially designed to meet the needs of teachers whose first language is not English, who teach large classes in rigid classrooms with few resources, who follow a set of syllabus and textbook, who have little control over course content or material. |
| 830 #0 - SERIES ADDED ENTRY--UNIFORM TITLE | |
| Uniform title | Cambridge teacher training and development. |
| 856 40 - ELECTRONIC LOCATION AND ACCESS | |
| Materials specified | Amazon.com |
| Uniform Resource Identifier | <a href="http://www.amazon.com/exec/obidos/ASIN/0521348641/chopaconline-20">http://www.amazon.com/exec/obidos/ASIN/0521348641/chopaconline-20</a> |
| 856 40 - ELECTRONIC LOCATION AND ACCESS | |
| Materials specified | Amazon customer reviews |
| Uniform Resource Identifier | <a href="http://www.chopac.org/cgi-bin/tools/azrev.pl?q=0521348641">http://www.chopac.org/cgi-bin/tools/azrev.pl?q=0521348641</a> |
| 942 ## - ADDED ENTRY ELEMENTS (KOHA) | |
| Institution code [OBSOLETE] | NBS |
| Koha item type | Book |
| Call number prefix | 428.2407 DOF |
| Withdrawn status | Lost status | Damaged status | Not for loan | Permanent Location | Current Location | Date acquired | Total Checkouts | Full call number | Barcode | Date last seen | Date last checked out | Price effective from | Koha item type |
|---|---|---|---|---|---|---|---|---|---|---|---|---|---|
| NUST Law School (NLS) | NUST Law School (NLS) | 08/28/2013 | 1 | 428.2407 DOF | NBS604 | 11/23/2017 | 08/23/2017 | 08/28/2013 | Book |
